000 00403nam a2200169Ia 4500
008 221030s9999 xx 000 0 und d
020 _a8177226553
041 _aEnglish
082 _a105.23
100 _aS. Holzner
245 0 _aJava 2 Programming Black Book
_cby S. Holzner
250 _a5th
260 _bDreamtech Press
_aNew Delhi
_c2010
300 _a1460
650 _aComputers
942 _cBK
999 _c9485
_d9485